[Event "Norway Chess 1st"]
[Site "Stavanger"]
[Date "2013.05.08"]
[Round "1"]
[White "Svidler, Peter"]
[Black "Hammer, Jon Ludvig"]
[Result "1-0"]
[WhiteElo "2769"]
[BlackElo "2608"]
[Annotator "Marin,M"]
[PlyCount "115"]
[EventDate "2013.05.08"]
[EventType "tourn"]
[EventRounds "9"]
[EventCountry "NOR"]
[EventCategory "21"]
[SourceTitle "CBM 155"]
[Source "ChessBase"]
[SourceDate "2013.07.16"]
[SourceVersion "1"]
[SourceVersionDate "2013.07.16"]
[SourceQuality "1"]

1. d4 Nf6 2. c4 g6 3. Nc3 d5 {It is interesting to follow Svidler playing his
pet opening from the other side of the board than usual.} 4. cxd5 Nxd5 5. e4
Nxc3 6. bxc3 Bg7 7. Nf3 c5 8. Be3 Qa5 9. Qd2 Nc6 10. Rb1 $5 {This is an
important alternative to the main move, 10.Rc1. In principle, White may play
Rb1-c1 later, only after having provoked ...a7-a6.} ({For some reason, Svidler
does not follow the plan that eventually caused him a recent defeat at the
hands of Kramnik:} 10. Rc1 cxd4 11. cxd4 Qxd2+ 12. Kxd2 O-O 13. d5 Rd8 {
And now White played a move that should get the comment "AN", meaning "Almost
a novelty", which does not exist in the ChessBase menu.} 14. Kc2 $5 {Kramnik,V
(2810)-Svidler,P (2747) London 2013 CBM 154 [Kramnik,V] (1-0, 40)}) 10... cxd4
({It is not entirely clear whether the move ...a7-a6 is really harmful after} 
10... a6 11. Rc1 {, see for instance the recent example Grigoryan,K (2482)
-Melkumyan,H (2620)/Yerevan 2012/CBM 147/[Let's Check] (0-1, 36)}) ({The
computer's scepticism towards Adorjan's old idea} 10... O-O 11. Rb5 cxd4 12.
Rxa5 dxe3 13. Qxe3 Nxa5 {seems to have put off most Grünfeld specialists; the
last annotated example is: Brynell,S (2496)-Braun,A (2465)/Germany 2006/CBM
111/[Krasenkow] (0-1, 73)}) 11. cxd4 Qxd2+ ({Since the white king frequently
becomes an active piece in the centre,} 11... O-O 12. Qxa5 Nxa5 {is not to be
neglected, see for instance Sedlak,N (2556)-Sutovsky,E (2692)/Aix-les-Bains
2011/CBM 142/[Krasenkow] (0-1, 70)}) 12. Kxd2 O-O 13. d5 (13. Bd3 Rd8 14. d5 {
transposes.}) (13. Bb5 {does not look threatening with the rook on b1 and can
be answered with} f5 $132) 13... Rd8 {Abstractly speaking, it is best to keep
the tension for as long as possible, inviting White to commit himself before
Black plays ...Na5. Yet, in some lines ...Rd8 proves a premature commitment,
too, running into hits such as Bg5.} (13... Na5 14. Bd3 (14. Bc5 f5 {1/2
Khenkin,I (2587)-Sutovsky,E (2660)/Kaskady 2002/CBM 090/[Krasenkow] (34)})
14... e6 {0-1 Nordahl,H (2423)-Lupulescu,C (2542)/Gothenburg 2005/CBM 109/
[Krasenkow] (53)}) 14. Bd3 Na5 (14... Ne5 $6 {only helps White consolidate his
space advantage.} 15. Nxe5 Bxe5 16. f4 Bg7 17. Bc5 Kf8 18. Rhc1 f5 19. Ke3 $16
{Khenkin,I (2603)-Wuerdinger,A (2205)/Bad Wiessee 2002/EXT 2003/[Teske] (1-0,
30)}) 15. Bg5 ({A couple of decades ago, there was some theoretical discussion
after} 15. Ke2 b6 (15... f5 16. Rhc1 b6 {1-0 Kortschnoj,V (2645)-Brunner,L 
(2510)/Bern 1996/CBM 052/[Ftacnik] (43)}) 16. Bg5 f5 {1/2 Speelman,J (2610)
-Short,N (2635)/London 1991/Candidates/[Ftacnik] (27)}) 15... f6 (15... f5 $5 {
was played only once, but is not that pointless.} 16. Bxe7 ({I believe that
White's best chances for retaining an edge would be to keep developing:} 16.
Rhc1 fxe4 17. Bxe4 Bf5 18. Ke3 {and Black's counterplay is not too obvious.})
16... Bh6+ $2 {Helping the king to evacuate a vulnerable square.} (16... Rd7
17. Bb4 fxe4 18. Bxe4 Nc4+ 19. Ke2 b5 $44) 17. Bg5 $2 (17. Kc3 $1 $16 Bg7+ 18.
Kc2 {would avoid the check on c4, thus gaining a tempo in some lines.}) 17...
fxe4 18. Bxe4 Bf5 19. Bxf5 Rxd5+ 20. Bd3 Bxg5+ 21. Nxg5 Rad8 $11 {(1/2, 40)
Sanikidze,T (2524)-Le Quang,L (2687)/Mulhouse 2011/CBM 142 Extra}) 16. Bf4 b6 {
Once again the most flexible move. Before defining his intentions in the
centre, Black consolidates his queenside.} (16... e5 17. Be3 b6 {leads to the
same structure as in the game, but offers White a slightly wider choice.} 18.
Rhc1 (18. Ke2 Bf8 19. Nd2 Nb7 20. Rhc1 Nc5 21. Bb5 Be7 22. f3 f5 23. Nb3 $14 {
Renman,N (2380)-Aaberg,A (2383)/Malmo 2003/EXT 2005 (1/2, 34)}) 18... Bf8 19.
Ke2 Nb7 20. Ba6 (20. Nd2) 20... Nc5 21. Bxc8 Raxc8 22. Bxc5 Bxc5 23. Ne1 Ba3
24. Rc2 f5 25. f3 Kf7 $132 {Antic,D (2495)-Belov,V (2627)/Budva 2009/CBM 130 
(0-1, 49)}) 17. Bb5 $5 $146 {[%csl Gc6,Gc7,Gd6,Gd7,Ge8] Creating a whole
network of squares controlled by the bishops.} ({If} 17. Ke2 {Black can
deviate from the ...e7-e5 plan with} f5 {Iljushin,A (2527)-Anisimov,P (2318)/
St Petersburg 1999/CBM 074/[Krasenkow] (1/2, 31)}) (17. Rhc1 {would be
constructive if it was not exposing the rook:} e6 $1 {and if} 18. Bc7 Bh6+ {
, for instace} 19. Ke2 Rd7 20. dxe6 Rxd3 21. Kxd3 Bxc1 22. Rxc1 Bxe6) 17... e5
(17... f5 18. Bc7 a6 (18... Rf8 19. e5 Bb7 20. d6) 19. Bd3 (19. Bxd8 axb5 $132
{[%csl Rd2,Rd5,Rd8][%cal Ga5c4,Gc8b7]}) 19... Rd7 20. Rhc1 $14 {[%csl Rb6]})
18. Be3 Bd7 (18... f5 $5 19. Bg5 Rf8 20. Be7 (20. Ke3 fxe4 21. Nd2 Bb7 22. d6
Bf6 $13 {[%csl Rd6]}) 20... Rf7 21. d6 Bf6 22. Be8 Rxe7 23. dxe7 Bxe7 24. Nxe5
Be6 $44) 19. Rhc1 Bxb5 20. Rxb5 Nb7 21. Ke2 Nd6 22. Rb4 {Black has reached a
safe blockade and White still needs one tempo to consolidate his e4-pawn.} a5 {
To me, this looks a bit too much like playing for a draw.} (22... f5 $5 23.
exf5 (23. Ng5 Nxe4 24. Ne6 Rd7) 23... Nxf5 $132 {leads to more interesting
play, with chances for both sides.}) 23. Rxb6 Nxe4 24. Nd2 $1 {Black might
have underestimated this move, giving up a pawn in order to exchange Black's
most active piece.} Nxd2 25. Bxd2 Rxd5 26. Rc7 {The weakness of the seventh
rank offers White at least adequate compensation for the pawn. Black needs to
display a certain amount of accuracy.} Rad8 27. Bc3 f5 $6 {This offers White
some practical chances.} ({I would prefer the safer} 27... R5d7 28. Rxd7 Rxd7
29. Bxa5 Ra7 30. Rb5 Kf7 {with a probable draw, since White has no easy way to
advance his passed pawn.}) 28. Rbb7 Bf8 29. a4 Rc5 30. Rxc5 Bxc5 31. Bxe5 (31.
Bxa5 $2 Rd4) 31... Rd5 {The course of the game in the next phase makes me
think that Black had not decided yet whether to try maintaining the material
equality or look for a drawn ending with a pawn down.} ({With hindsight,} 31...
Re8 {looks safer:} 32. f4 Bd6 33. Rb5 Bxe5 34. fxe5 Rd8 (34... Ra8 35. Kd3 {
looks at least dangerous for Black.}) 35. Rxa5 Kf7 $14) 32. f4 Bd4 33. Rb5 Rd7
(33... Rxb5 $2 34. axb5 Bb6 35. Kd3 Kf7 36. Bd4 Bc7 (36... Bxd4 37. Kxd4 Ke6
38. Kc4 Kd6 39. Kb3 Kc5 40. Ka4 Kb6 41. h3 h6 42. h4 h5 43. g3 $18) 37. g3 Ke6
38. b6 Bd6 39. Be5 Kd7 40. b7 $18) 34. g3 $1 {Preparing to meet ...Bxe5 with
Rxe5, without spoiling the pawn structure.} (34. Rxa5 Bxe5 35. fxe5 (35. Rxe5
Rd4) 35... Kf7 36. Ra6 Rd4 $14) 34... Bxe5 35. Rxe5 Rd4 (35... Ra7 36. Kd3 $16)
36. Rxa5 Kf7 37. Ra7+ Kf6 38. Ra6+ Kf7 39. Ra7+ Kf6 40. a5 {If compared with
other known endings with 3P vs 3P on the kingside and a passed aP, White is in
a favourable situation since his king is very active and Black's counterattack
is likely to arrive too late.} Rd5 {Hoping to prevent the king's activation by
keeping it cut off along the d-file.} ({The standard defensive method does not
seem to work here:} 40... Ra4 41. Kd3 h5 (41... h6 42. a6 g5 {weakens the
f5-pawn, allowing a relatively simple win:} 43. Ra8 Kg7 44. a7 Ra1 45. Kc4 Ra5
46. Kb4 Ra1 47. Kc5 Ra5+ 48. Kd6 Ra6+ 49. Ke5 Ra5+ 50. Ke6 Kh7 51. Kf6 g4 52.
Ke6 Kg7 53. Kd6 Ra1 54. Ke5 Ra5+ 55. Ke6 Kh7 56. Kf6 {White will win the
f5-pawn soon and advance his own f-pawn, winning.}) 42. h4 (42. a6 h4 43. Ra8
h3 $132) 42... Ra3+ 43. Kc4 Rxg3 {In a famous ending analysed by Smyslov and
Levenfish in 1957, the white king is placed more passively somewhere on the
second rank, allowing Black to save the game with a srudy like idea. Here, the
king's activity decides.} 44. Rb7 Ra3 45. Kb5 $18) 41. Ra6+ Kg7 42. Ra7+ Kf6 ({
Baburin (in his comments for chesstoday.net) recommends} 42... Kg8 43. a6 Rd6 {
concluding that the position is drawn. Indeed, the white king cannot reach the
queenside, but Baburin overlooks the following plan:} 44. Kf3 $1 Rd3+ 45. Kg2
Rd6 46. Kh3 h6 47. Kh4 Rd2 48. h3 {The plan is simple: White will create a
passed pawn on the f-file, which is enough for a win after Ra8 and a6-a7.} Ra2
(48... Rd6 49. g4 Rb6 50. gxf5 gxf5 51. Kg3 Kf8 52. Ra8+ Kg7 53. a7 Ra6 54. Kf3
$18 {with similar play as in a line above.}) 49. g4 fxg4 50. hxg4 Ra1 51. f5 (
51. Ra8+ Kg7 52. a7 {is premature in view of} g5+ $1 {, when the remaining
passed pawn on the g-file does not bother Black. This is the human comment,
but the computer's 52...Ra3= is good enough, I must admit.}) 51... gxf5 52.
gxf5 Ra5 53. Ra8+ Kg7 54. a7 $18 {[%cal Gf5f6]}) 43. a6 Rd6 44. h4 Ke6 (44...
h5 45. Ke3 Ke6 46. Rg7 Kf6 47. a7 Ra6 48. Rb7 Ra4 49. Kd3 {Baburin (chesstoday.
net)}) 45. h5 {The rest is relatively simple.} gxh5 46. Rxh7 Kd5 47. Rxh5 Ke4
48. a7 Ra6 49. Rh7 Ra2+ 50. Kd1 Kd3 51. Rd7+ Kc3 52. Ke1 Kc4 53. Kf1 Kc5 54.
Kg1 Kc6 55. Rf7 Kd5 56. Rxf5+ Ke6 57. Rb5 Rxa7 58. Kg2 1-0

[Event "Norway Chess 1st"]
[Site "Stavanger"]
[Date "2013.05.09"]
[Round "2"]
[White "Wang, Hao"]
[Black "Svidler, Peter"]
[Result "1-0"]
[WhiteElo "2743"]
[BlackElo "2769"]
[Annotator "Krasenkow,M"]
[PlyCount "125"]
[EventDate "2013.05.08"]
[EventType "tourn"]
[EventRounds "9"]
[EventCountry "NOR"]
[EventCategory "21"]
[SourceTitle "CBM 155"]
[Source "ChessBase"]
[SourceDate "2013.07.16"]
[SourceVersion "1"]
[SourceVersionDate "2013.07.16"]
[SourceQuality "1"]

1. d4 Nf6 2. c4 g6 3. f3 d5 4. cxd5 Nxd5 5. e4 Nb6 6. Nc3 Bg7 7. Be3 O-O 8. Qd2
Nc6 9. O-O-O Qd6 10. Nb5 Qd7 11. f4 Qe6 {This line was examined in CBM 147,
annotations to Mamedyarov - Negi.} 12. Nc3 Nc4 (12... Rd8 13. Nf3 Nc4 14. Qe2
Nxe3 15. Qxe3 Nb4 $6 (15... Qd6 $142 16. e5 Qb4 17. d5 Nb8 18. a3 Qb6 $13) 16.
b3 $6 (16. Kb1 $1 {- see main game}) 16... Qb6 $1 17. a3 Nc6 18. Na4 Qa5 $36 {
1/2 (30) Mamedyarov,S (2747)-Negi,P (2641) Caleta 2012 CBM 147 [Krasenkow,M]})
13. Qe2 Nxe3 (13... N6a5 14. Nf3 c5 15. e5 cxd4 16. Nxd4 Qb6 17. Nf5 Nxe3 18.
Nxe3 Nc6 19. Ned5 Qd8 20. g3 (20. Nf6+ exf6 21. Rxd8 Rxd8 $44 {^^}) 20... Be6
21. Bg2 Rc8 22. Kb1 Qa5 $11 {1/2 (38) Karjakin,S (2780)-Giri,A (2720) Wijk aan
Zee 2013}) 14. Qxe3 Nb4 (14... Qd6 $5) 15. Kb1 Rd8 $6 {Perhaps Black should
try something else here:} (15... Qb6 $5 16. a3 $140 Nc6 17. Nd5 Qa5) (15... c6
$5) 16. Nf3 {This position could have happened in Mamedyarov-Negi in the event
of 16.Kb1! instead of 16.b3?!} b5 $6 (16... Qb6 {is less appropriate now than
on the previous move, in view of} 17. a3 Nc6 18. Nd5 Qa5 19. Bc4 $14 {
threatening 19.b4 Qa4 20.Nxc7 (the d1-rook is protected).}) (16... a5 17. Be2
$14 {[%csl Rb4]}) {The desperate move played in the game is even worse. Black
loses a pawn and doesn't obtain any kind of attack.} 17. a3 Na6 (17... Nd5 18.
Nxd5 Rxd5 19. Ng5 Rxg5 20. fxg5 {winning an exchange without compensation.})
18. Bxb5 Qb6 19. Ne5 Bxe5 20. fxe5 Rb8 21. Rd2 Qa5 22. Bxa6 Bxa6 23. Nd5 Rb3 $6
(23... Rxd5 24. exd5 Bc4 {was probably a lesser evil, according to GM M.
Golubev, although after} 25. Rc1 Bxd5 26. Rc5 Qa6 27. Qe2 $1 (27. Rxd5 $4 Qf1+
28. Ka2 Qc4+) 27... Qb7 28. b4 {Black's compensation for the exchange is far
from sufficient.}) 24. Nxe7+ Kf8 25. Qxb3 Qxd2 26. Nc6 Qxg2 27. Re1 Re8 28. Qc2
(28. d5 $142 $1 {(M.Golubev)} Qxh2 29. Qb4+ Kg7 (29... Kg8 30. d6 cxd6 31. exd6
{[%cal Rd6d7,Rc6e7]}) 30. Qd4 {with powerful centralisation.}) 28... Qxc2+ 29.
Kxc2 {[%mdl 4096]} Bb5 $1 30. Nxa7 (30. Na5 c5 $1) 30... Bd7 {[%csl Ra7] White
has technical problems; however, the Chinese GM finds the solution.} 31. Rf1 $1
f5 (31... Ra8 32. e6 $1 Bxe6 (32... Be8 33. Nc6 $1 Bxc6 34. Rxf7+ Ke8 35. d5
$18) 33. Nc6) 32. exf5 gxf5 33. Kc3 (33. Kd3 {was a bit more accurate:} Ra8 (
33... c6 34. Rc1) 34. e6 $1 Bxe6 35. Nb5 $1 Rc8 (35... Rb8 36. Nxc7) 36. d5
Bxd5 (36... Bd7 37. Nd4) 37. Rxf5+ Bf7 38. a4 $18) 33... Ra8 34. e6 Bxe6 35.
Nc6 (35. Nb5 Bd7 $1 {[%cal Yf8e7]}) 35... Kg7 36. d5 $1 {The right idea: to
exchange the useless d4-pawn for Black's passer.} Bxd5 (36... Bd7 37. Ne5 Bc8
38. Rc1 $5 {[%cal Rc3d4]} Ra4 39. Kb3 Ra7 40. Rc6 $18) 37. Nd4 Be4 38. Nxf5+
Kg6 {Black's position is now more active than after 33.Kd3; still, White
logically brings home his advantage.} 39. Nd4 Ra5 40. Ne6 Bf5 41. Nd4 Bd7 (
41... Be4 42. Rf2 {Wang Hao}) 42. Rf2 h5 43. Kd3 Rg5 $6 {It was better to wait.
} 44. Nf3 (44. Rc2 $5 c6 (44... c5 45. Nf3 Bf5+ 46. Kc3 Bxc2 47. Nxg5) 45. b4)
(44. b4 $5 Rg1 (44... c5 45. Nf3) 45. Rc2) 44... Ra5 45. Kd4 Ra4+ 46. Ke3 Bf5
47. Nd4 Bd7 48. Rc2 Ra7 49. h4 Kf6 50. Rc5 {White has achieved total
domination.} Be8 51. Rf5+ Ke7 52. Re5+ Kd7 53. Nb3 Bf7 54. Nc5+ Kd6 55. Kd4 Ra8
56. Rf5 Ke7 57. a4 Rg8 58. Rf4 Rg2 59. b4 Rd2+ 60. Kc3 Ra2 61. a5 Ra1 62. a6
Be8 63. Re4+ (63. Re4+ Kf7 64. Rxe8 Kxe8 65. Kb2 Rd1 66. a7 Rd8 67. Ne6 $18)
1-0

[Event "FIDE World Cup"]
[Site "Tromsoe"]
[Date "2013.08.12"]
[Round "1.2"]
[White "Ushenina, Anna"]
[Black "Svidler, Peter"]
[Result "1-0"]
[WhiteElo "2500"]
[BlackElo "2746"]
[Annotator "Ftacnik,L"]
[PlyCount "59"]
[EventDate "2013.08.11"]
[EventType "k.o."]
[EventRounds "7"]
[EventCountry "NOR"]
[SourceTitle "CBM 156"]
[Source "ChessBase"]
[SourceDate "2013.09.17"]
[SourceVersion "1"]
[SourceVersionDate "2013.09.17"]
[SourceQuality "1"]

1. d4 Nf6 2. c4 g6 3. Nc3 d5 4. cxd5 Nxd5 5. e4 Nxc3 6. bxc3 Bg7 7. Nf3 c5 8.
Rb1 O-O 9. Be2 cxd4 10. cxd4 Qa5+ 11. Bd2 Qxa2 12. O-O Bg4 13. Bg5 h6 14. Be3 {
The clever dance of the dark-squared bishop has lured the black pawn to the
h6-square thus weakening the kingside for any lines with enemy pawn activity.}
Nc6 15. d5 Na5 16. Re1 {The line with the rook move is quite recent, formerly
players believed that there was hardly any alternative to the immediate 16.Bc5.
} (16. Bc5 b6 17. Bxe7 Rfe8 18. d6 Nc6 19. Bb5 Nxe7 20. Bxe8 Rxe8 21. dxe7 Qa3
22. Re1 Qxe7 23. h3 Be6 24. Qa4 $14 {0-1 (45) Bunzmann,D (2484)-Van Wely,L 
(2643) Germany 2001}) 16... Bxf3 {The development of opening theory is
speeding up and players closely following the achivements of their colleagues
are pushing the attractive lines. The action in the centre was born as an
alternative to the modest, but very playable idea 16...b6.} (16... Rfc8 17. Nd4
Bxd4 18. Bxd4 Bxe2 19. Rxe2 Qc4 20. f4 Rc7 21. f5 Rac8 22. fxg6 fxg6 23. Be5
Rd7 24. Re1 Qc5+ 25. Kh1 Nc4 $15 {1-0 (30) Smirnov,P (2610)-Maletin,P (2567)
Novosibirsk 2012}) (16... b6 17. Nd4 Bxe2 (17... Bd7 18. Ra1 (18. Ba6 Qa3 19.
Qd2 h5 20. Bh6 e5 21. dxe6 Bxe6 22. Bxg7 Kxg7 23. Qg5 {0-1 (44) Schachinger,M 
(2412)-Wagner,D (2461) Meissen 2013} Qc5 $11) 18... Qb2 19. Rb1 Qa2 20. Ra1 Qb2
21. Rb1 Qa2 {1/2 (21) Radjabov,T (2793)-Svidler,P (2747) London 2013}) 18. Rxe2
Qc4 19. Rc2 Qa6 20. Rc7 Rac8 21. Rxe7 Nc4 22. Nc6 Nxe3 23. fxe3 Qa3 24. Rxa7
Qxe3+ 25. Kh1 $16 {1/2 (38) Iskusnyh,S (2457)-Zablotsky,S (2540) Tomsk 2009})
17. Bxf3 Nc4 18. Bf4 e5 {Svidler is a great expert in the Grünfeld Defence and
he feels entitled to start concrete action in the centre. Lesser chess mortals
can take it as an endorsement of the line.} (18... g5 19. Bg3 Be5 20. Rxb7 Rfe8
21. Bh5 Qa3 22. Rb3 Qd6 23. Rf3 Rf8 {1-0 (39) Esserman,M (2445)-Molner,M (2489)
Saint Louis 2012} 24. Qa4 $16) 19. dxe6 fxe6 20. Rxb7 Rad8 (20... Rxf4 $2 21.
Qd7 $18) 21. Rd7 $146 {[%mdl 8] Ushenina became Women's World Champion in 2012
and she obviously takes chess preparation very seriously. The first
independent move is trying to improve on the former move 21.Qc1.} (21. Qc1 Bb2
22. Rxb2 (22. Qc2 Rxf4 23. e5 Rf5 $19) 22... Nxb2 23. Bg3 Qa5 24. Rf1 Qd2 25.
Qc6 Qd7 (25... Rfe8 26. Bg4 Qd7 27. Qc2 Qg7 $15) 26. Qc1 Qd2 27. Qc6 Qd7 28.
Qc1 Qd2 {1/2 (28) Morozevich,A (2758)-Nepomniachtchi,I (2708) Loo 2013}) 21...
Rxd7 22. Qxd7 Ne5 $5 {Black was without doubts the favourite in this game and
thus it comes as a small surprise, that Svidler wants to get involved in a
fight. The knight move is preferable to the immediate draw from the line 22...
Rxf4.} (22... Rxf4 23. Qxe6+ Kh7 $6 (23... Rf7 24. Rc1 Bd4 25. Qxg6+ (25. Qxc4
Qxf2+ 26. Kh1 Be5 $15) 25... Kf8 26. Qxh6+ Rg7 27. Qf4+ Rf7 $11) 24. Rc1 Bd4
25. Qd7+ Bg7 26. Qd5 a5 27. Qxc4 Qxc4 28. Rxc4 Rf7 29. Be2 $16) 23. Bxe5 (23.
Qd2 $2 Qxd2 24. Bxd2 Rxf3 25. gxf3 Nxf3+ 26. Kg2 Nxd2 $19) 23... Bxe5 24. Rf1 (
24. Rd1 a5 25. Qe7 Bf6 26. Qc7 a4 27. Qg3 g5 28. e5 $11) 24... h5 (24... Qa6
25. h4 (25. Rb1 Qd6 26. Qxd6 Bxd6 $11) (25. Rd1 Qb6 26. h3 a5 $11) 25... Bh2+
26. Kxh2 Qxf1 27. Qxe6+ Kg7 $11) 25. Be2 $1 {The light-squared bishop would
gladly do better than sit passively on the f3-square. Black starts the motions
towards possible draw.} (25. Qe7 Bd4 26. Qd6 Bb6 27. h3 Rf7 $11) 25... Rf7 (
25... Qxe2 $2 26. Qxe6+ Rf7 27. Qe8+ Kg7 28. Qxe5+ Kh7 29. Qe8 $16) 26. Qc8+
Rf8 27. Qc6 Bd4 (27... Bxh2+ 28. Kxh2 Qxe2 29. Qxe6+ Kg7 30. Qe5+ Kh6 31. Kg1
a5 32. f4 a4 $11) 28. Bc4 Rxf2 $4 {The logic of the game is broken by the
ambition to shatter the lesser opponent. Svidler was so eager to fight, that
he went over the top and overlooked the crucial threat to the key piece, the
bishop on d4.} (28... Bxf2+ 29. Kh1 Qa3 30. Qd7 Kh8 31. e5 Bc5 32. Rd1 Qe3 33.
Qxe6 Kh7 34. h3 $11) 29. Qxe6+ Kh7 (29... Rf7+ 30. Kh1 $18) (29... Kg7 30. Qd7+
Kh6 31. Bxa2 $18) 30. Qd7+ $1 (30. Bxa2 Rf6+ 31. Rf2 Bxf2+ 32. Kf1 Rxe6 33.
Bxe6 Bc5 $11) (30. Qd7+ $1 Rf7+ 31. Qxd4 $18) 1-0